| 000 | 00685nam a2200217Ia 4500 | ||
|---|---|---|---|
| 008 | 191130s2009##################000#0#eng## | ||
| 020 | _a9780728205086 | ||
| 040 |
_aACL _cACL |
||
| 082 | _a333.33820941 SHA | ||
| 100 | _aShapiro, Eric | ||
| 245 |
_aModern methods of valuation _cby Tony Johnson, Keith Davies, Eric Shapiro |
||
| 260 |
_aLondon _bEstates Gazette _c2009 |
||
| 300 | _axliv, 701p. : ill | ||
| 500 | _aincludes bibliographical references and index | ||
| 650 | _aReal property -- Valuation -- Great Britain | ||
| 700 | _aDavies, Keith | ||
| 700 | _aMackmin, David | ||
| 990 | _a8b245982ac10000c5fb8372b1f4462b3 | ||
| 991 | _a200428 | ||
| 999 |
_c276751 _d276751 |
||